000 00679nam a2200277Ia 4500
005 20260324133328.0
008 008 260324s9999 xx 000 0 eng d
020 _a9780203218112
037 _aEBOOK
040 _aCRL
040 _beng
040 _cCRL
041 _2eng
041 _aeng
084 _qCRL
100 _aRosa Chun; Rui Da Silva; Gary Davies; Stuart Roper
_91192677
245 0 _aCorporate Reputation and Competitiveness
260 _bTaylor and Francis
260 _c2003
365 _a
365 _b230
856 _uhttp://www.taylorfrancis.com/books/9780203218112
942 _cEBOOK
999 _c1791604
_d1791604